LEADER 01003cam0 22002531 450 001 SOBE00038743 005 20131230113413.0 100 $a20131230d1938 |||||ita|0103 ba 101 $aita 102 $aIT 200 1 $aArte cinese$fLaurence Binyon 210 $aRoma$cIstituto italiano per il Medio ed Estremo Oriente$d1938 215 $a46 p., [11] carte di tav.$cill.$d25 cm 300 $aConferenze tenute all'Istituto italiano per il Medio ed Estremo Oriente il 1. e il 5 aprile 1937 700 1$aBinyon$b, Laurence$3SOBA00008929$4070$0191586 801 0$aIT$bUNISOB$c20131230$gRICA 850 $aUNISOB 852 $aUNISOB$j2|E$m10133|ort 912 $aSOBE00038743 940 $aM 102 Monografia moderna SBN 941 $aM 957 $xFondo|Ortolani$a2|E$b059$fModalitā di consultazione sulla home page della Biblioteca link Fondi$gNO$d10133|ort$hOrtolaniS$rdono$1calvano123$2UNISOB$3UNISOB$420131230113454.0$520131230113553.0$6calvano123 996 $aArte cinese$91712908 997 $aUNISOB LEADER 01818nam0 22004093i 450 001 VAN0193013 005 20230613110858.800 017 70$2N$a9783319543161 100 $a20210726d2017 |0itac50 ba 101 $aeng 102 $aCH 105 $a|||| ||||| 200 1 $aString Theory Compactifications$fMariana Graņa, Hagen Triendl 210 $aCham$cSpringer$d2017 215 $avii, 74 p.$cill.$d24 cm 410 1$1001VAN0132717$12001 $aSpringerBriefs in Physics$1210 $aBerlin [etc.]$cSpringer 500 1$3VAN0193014$aString Theory Compactifications$91835156 606 $a81-XX$xQuantum theory [MSC 2020]$3VANC019967$2MF 606 $a81T30$xString and superstring theories; other extended objects (e.g., branes) in quantum field theory [MSC 2020]$3VANC021514$2MF 610 $aCalabi-Yau Compactifications$9KW:K 610 $aGeneralized geometry$9KW:K 610 $aKaluza-Klein compactification$9KW:K 610 $aModuli stabilization$9KW:K 610 $aNon-geometric fluxes in string theory$9KW:K 610 $aString phenomenology$9KW:K 620 $aCH$dCham$3VANL001889 700 1$aGraņa$bMariana$3VANV170882$0825028 701 1$aTriendl$bHagen$3VANV170883$0825029 712 $aSpringer $3VANV108073$4650 801 $aIT$bSOL$c20240614$gRICA 856 4 $uhttp://doi.org/10.1007/978-3-319-54316-1$zE-book ? Accesso al full-text attraverso riconoscimento IP di Ateneo, proxy e/o Shibboleth 899 $aBIBLIOTECA DEL DIPARTIMENTO DI MATEMATICA E FISICA$1IT-CE0120$2VAN08 912 $fN 912 $aVAN0193013 950 $aBIBLIOTECA DEL DIPARTIMENTO DI MATEMATICA E FISICA$d08CONS e-book 3290 $e08eMF3290 20210726 996 $aString Theory Compactifications$91835156 997 $aUNICAMPANIA